Normal view
MARC view
- Bush, George W. (George Walker), 1946 -- Military Leadership
Entry Topical Term
001 - CONTROL NUMBER
- control field: 46676
003 - CONTROL NUMBER IDENTIFIER
- control field: NUST
005 - DATE AND TIME OF LATEST TRANSACTION
- control field: 20210314133600.0
008 - FIXED-LENGTH DATA ELEMENTS
- fixed length control field: 210314|| aca||aabn | a|a d
040 ## - CATALOGING SOURCE
- Original cataloging agency: NUST
- Transcribing agency: NUST
150 ## - HEADING--TOPICAL TERM
- Topical term or geographic name entry element: Bush, George W. (George Walker), 1946 -- Military Leadership
670 ## - SOURCE DATA FOUND
- Source citation: Work cat.: (NUST): Woodward, Bob 37767, Bush at War, 2002
